000 00911nam a2200289 i 4500
003 EG-GICUC
005 20260222091052.0
008 260222s1981 fr ||||fr|||| 000 0 fre d
040 _aEG-GiCUC
_bfre
_cEG-GiCUC
_dEG-GiCUC
_eRda
041 0 _afre
082 0 4 _221
_a341.23
_bCO
092 0 4 _221
099 _aLaw1 11 341.23 CO 3 ed - 1981
245 0 3 _aLa Commmission Du Droit International Et Son Oeuvre.
250 _aTroisième Edition.
264 1 _aNew York :
_bNations Unies,
_c1981.
300 _a292 page,
_c 24 cm.
336 _2rda contenu
_a texte
337 _2rda medias
_aOrdinateur
338 _2 transporteur rda
_a Ressource en ligne
504 _aComprend des références bibliographiques.
546 _aTexte en français
650 1 4 _aDroit international public
856 4 0 _uhttps://fll.law.cu.edu.eg/fulltext/bks/B11-08048.pdf
905 _a48
942 _2ddc
_cBK
_e21
_n0
999 _c63981
_d63981